00363nam a2200169Ia 4500003000500000008004100005040001900046082000700065100001800072100002300090245002400113250000600137260001900143300001000162365000900172546001200181STCL221019s9999 xx 000 0 und d aSTCLcSTCLbEN 222 aRuch, Floyd L aZimbardo, Philip G 0aPsychology and Life a8 bScott Foresman a756 p b2450 aEnglish